| 000 | 00421nam a2200157Ia 4500 | ||
|---|---|---|---|
| 005 | 20241028045359.0 | ||
| 008 | 240331s9999 xx 000 0 und d | ||
| 020 | _a9780143416968 | ||
| 082 |
_bGOK _a823 |
||
| 100 | _aGokhale,N | ||
| 245 | 0 | _aPARO | |
| 260 |
_aNew Delhi _bPenguin Books _c2011 |
||
| 300 | _a160 p ., | ||
| 500 | _aParo Remains a social comedy without parallel in contemporary Indian writing. | ||
| 942 | _cL | ||
| 999 |
_c5837 _d5837 |
||